| 000 | 01091nam a22002777a 4500 | ||
|---|---|---|---|
| 001 | BD-DhSAU | ||
| 003 | BD-DhSAU | ||
| 005 | 20241230121441.0 | ||
| 008 | 150420b2005 bg ||||| m||| 00| 0 eng d | ||
| 040 | _aBD-DhSAU | ||
| 082 |
_222 _a571.92 _bT1392 |
||
| 100 |
_aJEBIN, TAJMERY KHAN _eRegistration No. # 16-07147 |
||
| 245 |
_aManagement of fungal and bacterial wilt complex in summer tomato through organic soil amendment / _bMS thesis |
||
| 260 |
_aSher-e-Bangla Agricultural University: _bDepartment of Plant Pathology, _c2023. |
||
| 300 |
_ax, 62p. ; _c30 cm. |
||
| 500 | _aMS thesis of Department of Plant Pathology, SYSTEM , Faculty of Agriculture , Sher-e-Bangla Agricultural University, Dhaka, Bangladesh | ||
| 504 | _aIncludes bibliographical reference. | ||
| 590 | _aNazmul | ||
| 650 | _afungal and bacterial wilt complex, | ||
| 651 | _a summer tomato | ||
| 654 | _aorganic soil amendment | ||
| 700 |
_aProf. Dr. Md. Belal Hossain _eSuperviser |
||
| 700 |
_aAsscio. Prof. Dr. Md Ziaur Rahman Bhuiyan _eCo-superviser |
||
| 942 |
_2ddc _cTHESIS |
||
| 999 |
_c17723 _d17722 |
||